| 000 | 00368nam a2200145Ia 4500 | ||
|---|---|---|---|
| 008 | 230312s9999||||xx |||||||||||||| ||und|| | ||
| 020 | _a8184311796 | ||
| 082 |
_a621.381 _bGOD-M |
||
| 100 | _aGodse, A. P. | ||
| 245 | 0 | _aMicroprocessors Interfacing Techniques | |
| 260 |
_bTechnical Publications _aIndia _c2007 |
||
| 546 | _aEng. | ||
| 650 | _aEngineering | ||
| 942 | _cBK | ||
| 999 |
_c4692 _d4692 |
||